Translate Random French Words - Statistics

General Stats
  • This quiz has been taken 46 times
  • The average score is 7 of 20
Answer Stats
Word Answer % Correct
manger eat
91%
maintenant now
84%
cœr heart
60%
commencer begin
58%
intérêt interest
53%
soldat soldier
51%
boîte box
42%
cassé broke
37%
presse press
37%
manteau coat
33%
propriété property
28%
porter wear
26%
outil tool
21%
tour turn
19%
été been
14%
corde rope
14%
scie saw
12%
fournir provide
7%
calme quiet
7%
éclat shine
7%
No matching quizzes found
Score Distribution
Percent of People with Each Score
Percentile by Number Answered
Your Score History
You have not taken this quiz